Online Catalogue and eLibrary

The politics of India's conventional cinema : (Record no. 3075)

MARC details
000 -LEADER
fixed length control field 00523nam a2200193Ia 4500
005 - DATE AND TIME OF LATEST TRANSACTION
control field 20240830024537.0
008 - FIXED-LENGTH DATA ELEMENTS--GENERAL INFORMATION
fixed length control field 240331s9999 xx 000 0 und d
020 ## - INTERNATIONAL STANDARD BOOK NUMBER
ISBN 076199310X
082 ## - DDC Classification
Item Number - Author Mark KAZ
Class No. 792
100 ## - MAIN ENTRY--PERSONAL NAME
Personal name Kazmi, F
245 #4 - TITLE STATEMENT
Title The politics of India's conventional cinema :
Remainder of title Imaging a universe, subverting a multiverse
260 ## - PUBLICATION, DISTRIBUTION, ETC.
Place of publication, distribution, etc. New Delhi
Name of publisher, distributor, etc. Sage Publication India Pvt Ltd
Date of publication, distribution, etc. 1999
300 ## - PHYSICAL DESCRIPTION
Extent (e.g. Volumes, Pages etc.) 252 p .,
650 ## - SUBJECT ADDED ENTRY--TOPICAL TERM
Topical term or geographic name entry element Culture
650 ## - SUBJECT ADDED ENTRY--TOPICAL TERM
Topical term or geographic name entry element Political
650 ## - SUBJECT ADDED ENTRY--TOPICAL TERM
Topical term or geographic name entry element Cinema
650 ## - SUBJECT ADDED ENTRY--TOPICAL TERM
Topical term or geographic name entry element Theater
942 ## - Koha item type (Biblio)
Koha item type Books in Stacks (Lending)
Holdings
Lost status Damaged status Collection code Home library Current library Shelving location Date acquired Full call number Accession Number Item type
    Lending WERC Library WERC Library Social Science Cupboard 03/31/2024 792. KAZ 4169 Books in Stacks (Lending)

© WERC Library